Podio del Festival di Sanremo - anni 1960 - Statistics

Statistiche generali
  • Questo quiz è stato fatto 117 volte
  • Il punteggio medio è 32 su 52
Statistiche sulle risposte
Anno Posizione Canzone Artista % Corretto
1967 Primo Non pensare a me Iva Zanicchi
97%
1969 Primo Zingara Iva Zanicchi
97%
1964 Primo Non ho l'età (per amarti) Gigliola Cinquetti
96%
1966 Primo Dio come ti amo Gigliola Cinquetti
96%
1961 Secondo 24 mila baci Adriano Celentano
95%
1968 Terzo Canzone Adriano Celentano
95%
1966 Secondo Nessuno mi può giudicare Caterina Caselli
95%
1960 Secondo Libero Domenico Modugno
93%
1962 Primo Addio... addio Domenico Modugno
93%
1966 Primo Dio come ti amo Domenico Modugno
93%
1965 Primo Se piangi se ridi Bobby Solo
89%
1969 Primo Zingara Bobby Solo
89%
1960 Primo Romantica Tony Dallara
86%
1962 Primo Addio... addio Claudio Villa
84%
1963 Secondo Amor mon amour my love Claudio Villa
84%
1967 Primo Non pensare a me Claudio Villa
84%
1968 Primo Canzone per te Sergio Endrigo
80%
1969 Secondo Lontano dagli occhi Sergio Endrigo
80%
1963 Primo Uno per tutte Tony Renis
76%
1960 Primo Romantica Renato Rascel
70%
1961 Terzo Il mare nel cassetto Milva
68%
1962 Secondo Tango italiano Milva
68%
1968 Terzo Canzone Milva
68%
1969 Terzo Un sorriso Milva
68%
1961 Primo Al di là Luciano Tajoli
66%
1961 Primo Al di là Betty Curtis
62%
1961 Secondo 24 mila baci Little Tony
59%
1967 Terzo Proposta I Giganti
54%
1964 Primo Non ho l'età (per amarti) Patricia Carli
53%
1963 Primo Uno per tutte Emilio Pericoli
51%
1968 Secondo Casa bianca Ornella Vanoni
51%
1961 Terzo Il mare nel cassetto Gino Latilla
50%
1969 Terzo Un sorriso Don Backy
49%
1968 Secondo Casa bianca Marisa Sannia
43%
1960 Secondo Libero Teddy Reno
43%
1967 Secondo Quando dico che ti amo Annarita Spinaci
42%
1962 Secondo Tango italiano Sergio Bruni
41%
1962 Terzo Gondolì gondolà Sergio Bruni
41%
1965 Primo Se piangi se ridi The New Christy Minstrels
41%
1960 Terzo Quando vien la sera Joe Sentieri
39%
1966 Terzo In un fiore Les Surfs
38%
1967 Secondo Quando dico che ti amo Les Surfs
38%
1966 Terzo In un fiore Wilma Goich
38%
1966 Secondo Nessuno mi può giudicare Gene Pitney
37%
1963 Terzo Giovane giovane Pino Donaggio
37%
1960 Terzo Quando vien la sera Wilma De Angelis
37%
1968 Primo Canzone per te Roberto Carlos Braga
36%
1963 Terzo Giovane giovane Cocky Mazzetti
22%
1963 Secondo Amor mon amour my love Eugenia Foligatti
20%
1969 Secondo Lontano dagli occhi Mary Hopkin
20%
1962 Terzo Gondolì gondolà Ernesto Bonino
18%
1967 Terzo Proposta The Bachelors
17%
Nessun quiz corrispondente trovato
Distribuzione punteggi
Percentuale di utenti per punteggio
Percentile per numero di risposta
I tuoi punteggi nel tempo
Non hai fatto questo quiz